[Event "CRO-ch U13"]
[Site "Trogir"]
[Date "2019.06.17"]
[Round "2"]
[White "Jakovic, Roko"]
[Black "Friedrich, Ivan"]
[Result "1-0"]
[WhiteElo "1698"]
[BlackElo "1376"]
[PlyCount "43"]
[EventDate "2019.06.17"]
[EventType "swiss"]
[EventRounds "9"]
[EventCountry "CRO"]
[SourceTitle "EXT 2020"]
[Source "ChessBase"]
[SourceDate "2019.10.17"]
[SourceVersion "1"]
[SourceVersionDate "2019.10.17"]
[SourceQuality "1"]

1. d4 d5 2. c4 e6 3. Nf3 Nf6 4. Nc3 Nbd7 5. Bg5 Be7 6. e3 0-0 7. c5 b6 8. b4 a5 9. a3 Ba6 10. b5 Bc8 11. c6 Nb8 12. Bd3 Qe8 13. Qc2 h6 14. Bh4 Nxc6 15. bxc6 Qxc6 16. Bb5 Qd6 17. Bg3 Qd8 18. Ne5 Bd7 19. Bxd7 Nxd7 20. Nc6 Qe8 21. Nb5 Nf6 22. Nxc7 1-0